<?xml version="1.0" encoding="UTF-8"?>
<collection xmlns="http://www.loc.gov/MARC21/slim">
 <record>
  <leader>01437ppm a22002898a 4500</leader>
  <controlfield tag="001">00045564</controlfield>
  <controlfield tag="005">20200618150604.0</controlfield>
  <controlfield tag="008">170215s2015                  ||||||Viesd</controlfield>
  <datafield tag="041" ind1="0" ind2="#">
   <subfield code="a">Vie</subfield>
  </datafield>
  <datafield tag="082" ind1="1" ind2="4">
   <subfield code="b">GI103PH</subfield>
   <subfield code="a">428</subfield>
  </datafield>
  <datafield tag="100" ind1="1" ind2="#">
   <subfield code="a">Hoàng, Thị Thu Hà</subfield>
   <subfield code="e">Chủ nhiệm đề tài</subfield>
  </datafield>
  <datafield tag="245" ind1="1" ind2="0">
   <subfield code="b">Báo cáo tổng kết đề tài KH&amp;CN của sinh viên. Mã số CS2015.02.27</subfield>
   <subfield code="c">Hoàng Thị Thu Hà (chủ nhiệm đề tài), Nguyễn Ngọc Quyên; Phạm Văn Tặc (hướng dẫn)</subfield>
   <subfield code="a">Giải pháp nâng cao kỹ năng nghe tiếng Anh cho sinh viên ngành Kế toán, khoa Kinh tế - Quản trị kinh doanh, trường Đại học Đồng Tháp</subfield>
  </datafield>
  <datafield tag="260" ind1="#" ind2="#">
   <subfield code="b">Trường Đại học Đồng Tháp</subfield>
   <subfield code="c">2016</subfield>
   <subfield code="a">Đồng Tháp</subfield>
  </datafield>
  <datafield tag="300" ind1="#" ind2="#">
   <subfield code="a">65 tr. +phụ lục</subfield>
   <subfield code="c">30 cm.</subfield>
   <subfield code="e">1 bản tóm tắt</subfield>
  </datafield>
  <datafield tag="500" ind1="#" ind2="#">
   <subfield code="a">ĐTTS ghi: Bộ Giáo dục và Đào tạo. Trường Đại học Đồng Tháp</subfield>
  </datafield>
  <datafield tag="653" ind1="#" ind2="#">
   <subfield code="a">Giải pháp</subfield>
  </datafield>
  <datafield tag="653" ind1="#" ind2="#">
   <subfield code="a">Kế toán</subfield>
  </datafield>
  <datafield tag="653" ind1="#" ind2="#">
   <subfield code="a">Đại học Đồng Tháp</subfield>
  </datafield>
  <datafield tag="653" ind1="#" ind2="#">
   <subfield code="a">Tiếng Anh</subfield>
  </datafield>
  <datafield tag="653" ind1="#" ind2="#">
   <subfield code="a">Sinh viên</subfield>
  </datafield>
  <datafield tag="653" ind1="#" ind2="#">
   <subfield code="a">Kỹ năng nghe hiểu</subfield>
  </datafield>
  <datafield tag="653" ind1="#" ind2="#">
   <subfield code="a">Nghiên cứu khoa học</subfield>
  </datafield>
  <datafield tag="700" ind1="#" ind2="#">
   <subfield code="a">Nguyễn, Ngọc Quyên</subfield>
  </datafield>
  <datafield tag="700" ind1="#" ind2="#">
   <subfield code="e">Hướng dẫn</subfield>
   <subfield code="a">Phạm, Văn Tặc</subfield>
  </datafield>
  <datafield tag="852" ind1="#" ind2="#">
   <subfield code="j">KH.0000191</subfield>
  </datafield>
  <datafield tag="910" ind1="#" ind2="#">
   <subfield code="d">19/06/2018</subfield>
  </datafield>
  <datafield tag="980" ind1="#" ind2="#">
   <subfield code="a">Trung tâm Học liệu Lê Vũ Hùng, Trường Đại học Đồng Tháp</subfield>
  </datafield>
 </record>
</collection>
